[Event "Stay Safe Play From Home 149"]
[Site "T#646041Emanuel Laske"]
[Date "2020.05.14"]
[Round "8"]
[White "Lazieri3"]
[Black "SoulofWolf"]
[Result "0-1"]
[WhiteElo "1959"]
[BlackElo "2101"]
[Annotator "TA"]
[PlyCount "90"]
[EventDate "2020.05.14"]
[EventType "swiss (blitz)"]

{[%evp 9,90,-34,752,749,746,739,742,742,751,711,808,806,935,945,912,814,902,787,748,-271,780,779,1007,978,851,846,837,831,793,770,741,699,714,719,788,791,827,794,1041,1008,1083,179,190,189,1013,1008,969,918,1773,939,1189,1162,1060,862,778,-344,822,-709,-725,-29999,1202,1170,1060,785,744,0,991,-895,1477,336,29994,29994,29995,29995,29996,29996,29996,29995,29996,29996,29996,29997,29997]} 1. e4 c5 2. Nc3 Nc6 3. d3 e6 4. Nf3 d5 5. Bg5 {[#]} d4 $146 {[%mdl 8192]} (5... Be7 $15 6. exd5 exd5 7. Bxe7 Ngxe7) ({Predecessor:} 5... Be7 6. exd5 exd5 7. Bf4 Nf6 8. Be2 O-O 9. O-O a6 10. Re1 b5 11. a3 d4 12. Ne4 Nd5 {0-1 (35) Havumaki,J (1869)-Graeffe,P (2045) Finland 2019}) 6. Bxd8 $18 {B40: Sicilian: 2...e6, Unusual lines.} dxc3 7. Bg5 cxb2 8. Rb1 {White is clearly winning.} h6 9. Be3 c4 10. Rxb2 Bb4+ 11. Rxb4 Nxb4 12. dxc4 Nf6 13. Qd6 Nxc2+ 14. Kd2 $4 {[%mdl 8192]} (14. Ke2 $18 {White wants to mate with Bc5.} Nxe3 15. Kxe3) 14... Nxe3 $4 {[%mdl 8192]} (14... Nxe4+ $19 15. Kxc2 Nxd6) 15. Kxe3 Bd7 16. Ne5 Rd8 17. Nxd7 Rxd7 18. Qb8+ {[%mdl 64] [#] Double Attack} Rd8 19. Qxa7 O-O 20. Qxb7 Ng4+ 21. Kf3 h5 22. h3 Ne5+ 23. Kg3 g5 24. Be2 Rd2 25. Bf3 $2 (25. Bxh5 Rd3+ 26. f3) 25... h4+ 26. Kh2 Rxf2 $2 (26... Nxf3+ 27. gxf3 Rxf2+ 28. Kg1 Rxa2) 27. Bg4 Rd8 28. Rb1 Rdd2 29. Rg1 {Black must now prevent Qb8+.} Nd3 30. Qb8+ Kg7 31. e5 Nf4 32. Bf3 $4 {[%mdl 8192]} (32. Qa8 $18 {avoids the disaster.} Rxa2 33. Qd8) 32... Rd3 $4 {[%mdl 8192]} (32... Rxf3 $19 33. Kh1 Rff2 {[%mdl 64] Remove Defender}) 33. Qc7 $4 {[%mdl 8192]} (33. Kh1 $18) 33... Rdxf3 $19 {[%csl Gf4][%cal Rf3h3]} 34. Qe7 Re3 $4 {[%mdl 8192]} (34... Rxh3# {and all is fine.}) 35. Qxg5+ $18 {[%mdl 64] Double Attack} Kf8 36. Qd8+ Kg7 37. Qg5+ Kf8 $1 {[%csl Gf4][%cal Re3h3]} 38. Qxf4 $4 {[%mdl 8192]} (38. Qh6+ $18 Ke8 39. Kh1 Rxg2 40. Qh8+ Ke7 41. Qxh4+ Kf8 42. Qd8+ Kg7 43. Qf6+ Kg8 44. Qxf4 Rxg1+ 45. Kxg1) 38... Ree2 $4 {[%mdl 8192]} (38... Rxf4 $19 39. Rc1 Rf2) 39. Qxf2 $2 (39. Qh6+ Kg8 40. c5) 39... Kg7 $2 (39... Rxf2 $18 40. Ra1 Ke8) 40. Qxe2 {White mates.} Kf8 {[#]} 41. Qf3 $1 Ke7 42. Qg4 f6 43. Qf3 Kd7 44. Qe3 Kc7 45. Qc5+ Kd7 {[%mdl 32768] Sensor Board Error (Ke4/e5)?} 0-1

[Event "Stay Safe Play From Home 149"]
[Site "T#646041Emanuel Laske"]
[Date "2020.05.14"]
[Round "8"]
[White "MartinKestler"]
[Black "Gmbasti"]
[Result "1-0"]
[WhiteElo "1938"]
[BlackElo "1561"]
[Annotator "TA"]
[PlyCount "69"]
[EventDate "2020.05.14"]
[EventType "swiss (blitz)"]

{[%evp 11,69,10,37,9,31,10,24,34,39,47,77,84,70,72,78,54,152,132,126,127,122,130,121,106,157,147,192,189,205,197,195,162,164,-493,227,-554,11,20,20,0,15,0,0,0,0,0,0,-75,-75,-75,-75,-175,0,-725,513,485,1077,448,453,-135]} 1. Nf3 c5 2. b3 e6 3. Bb2 d5 4. e3 Nf6 5. d4 Nc6 6. Nbd2 Be7 7. Be2 {D05: Colle System with ...e6.} O-O 8. O-O Bd7 9. c4 {White has an edge.} dxc4 10. Nxc4 {[#]} b5 $146 ({Predecessor:} 10... cxd4 11. Nxd4 Nxd4 12. Qxd4 Bc6 13. Rac1 Qxd4 14. Bxd4 Nd7 15. Na5 Rfc8 16. Nxc6 bxc6 {0-1 (39) Fladung,M (1495)-Meinhardt,G (1685) Cologne 2003}) 11. Nce5 Nxe5 12. Nxe5 cxd4 13. Qxd4 (13. Bf3 {is interesting.} Rc8 14. Qxd4 Qb6 15. Nxd7 Qxd4 16. Bxd4 Nxd7 17. Bxa7 Ba3 18. Rad1) 13... Qb6 ({Better is} 13... Be8 $14) 14. Qxb6 axb6 15. Nxd7 Nxd7 16. Bxb5 Nc5 17. b4 Ne4 (17... Na4 $142) 18. a3 $16 Nd2 19. Rfd1 Rfd8 20. h3 Nb3 21. Rxd8+ Rxd8 22. Rc1 $4 {[%mdl 8192] [#]} (22. Re1 $18) 22... h6 $4 {[%mdl 8192]} (22... Nxc1 $19 {avoids the disaster.} 23. g4 Rd2) 23. Bd4 $4 {[%mdl 8192]} (23. Rc3 $18 Nd2 24. Rc7) 23... Nxd4 $2 (23... Nxc1 $19 24. Kh2 Bf6 25. Bxf6 gxf6) 24. exd4 $11 Rxd4 $19 {[%mdl 4096] Endgame KRB-KRB} 25. Rc6 Bd8 26. Rc8 Rd1+ 27. Kh2 Kf8 28. a4 Ke7 29. a5 (29. g3 $11 {keeps the balance.}) 29... bxa5 $17 30. bxa5 Bxa5 31. Ra8 (31. Rc2 $17) 31... Be1 $2 {[#]} ({Black should play} 31... Bc7+ $19 32. g3 Rd2) 32. Ra1 $2 {[%mdl 8192]} (32. Ra7+ $11 Kf6 33. Be8) 32... Kf6 $4 {[%mdl 8192]} (32... Rxa1 $19 {and life is good for Black.} 33. f3 Kd6) 33. Rxd1 $18 {White is clearly winning.} Bxf2 (33... Bc3 $142 34. Rd7 Kg6) 34. Rd2 (34. Rf1 $142 Ke7 35. Rxf2) 34... Bb6 35. Rf2+ $2 {[%mdl 32768] Quite a comeback for White. Accuracy: White = 52%, Black = 47%. . Loss on time!?} (35. Rd7 $18) 1-0

[Event "Stay Safe Play From Home 149"]
[Site "T#646041Emanuel Laske"]
[Date "2020.05.14"]
[Round "8"]
[White "Ionutn28"]
[Black "Mepe_Nika"]
[Result "0-1"]
[WhiteElo "1889"]
[BlackElo "2258"]
[Annotator "TA"]
[PlyCount "86"]
[EventDate "2020.05.14"]
[EventType "swiss (blitz)"]

{[%evp 12,86,18,3,14,5,6,-8,-10,-10,-4,-6,-2,-10,-4,-18,-20,-12,-14,-21,-13,-11,-5,-26,0,-6,0,0,20,3,5,0,0,0,13,0,4,0,11,0,11,-46,0,-14,0,-28,35,41,37,0,0,-14,40,0,0,-9,0,-12,-16,-29,0,-54,39,0,0,-87,-61,-61,0,-50,-16,-106,-133,-203,-175,-12836,-12836]} 1. e4 e5 2. Nf3 Nc6 3. d4 exd4 4. Nxd4 Bb4+ 5. c3 Bc5 6. Be3 Bb6 7. Bc4 Nf6 {7...d6 is not played anymore. C45: Scotch Game.} 8. Nd2 O-O 9. Nxc6 bxc6 {[%cal Bb7c6,Bc6d5][%mdl 32] The position is equal.} 10. Bxb6 axb6 11. O-O Re8 {[#]} 12. Re1 $146 ({Predecessor:} 12. Bd3 d6 13. h3 Ba6 14. Bxa6 Rxa6 15. Qe2 Ra8 16. a3 Qe7 17. Rfe1 b5 18. c4 {½-½ (30) Velez Alvarez,L (1835)-Ocampo,C (1712) Medellin 2016}) 12... d5 13. exd5 cxd5 14. Rxe8+ Qxe8 15. Bb3 Bb7 16. Nf3 c5 17. Bc2 d4 18. cxd4 Bxf3 19. Qxf3 cxd4 20. a3 Rd8 21. Rd1 Qb5 22. b4 h6 23. Bd3 Qg5 24. h3 Qe5 25. Kf1 Nd5 26. Re1 (26. g3 $11) 26... Qd6 (26... Qh2 $5 {[%cal Rd5f4]}) 27. Qf5 {[#] Threatening mate with Qh7+.} Nf6 28. Rd1 Qd5 (28... Qh2 $11 29. Qf3 Nd5) 29. Qxd5 $14 Nxd5 {[%mdl 4096] Endgame KRB-KRN} 30. Bc4 Nc3 31. Rd3 Nb1 ({Better is} 31... b5 $11 32. Bb3 g6) 32. Ba2 Nc3 33. Bc4 g5 (33... b5 $5 34. Bb3 $8 g6 $11) 34. g3 Kg7 35. Rf3 Rd7 36. Rd3 (36. a4 $11) 36... Ne4 (36... b5 $15 37. Bb3 h5) 37. Kg2 Nc3 38. f3 (38. Kf1 $11) 38... b5 39. Bb3 Re7 ({Black should play} 39... Kf6 $15) 40. Kf1 Re3 (40... Ne2 $5 {[%cal Re2c1]} 41. Bd5 Nxg3+ 42. Kf2 Ne2 $15) 41. Rxd4 (41. Bc2 $11) 41... Rxf3+ $17 {[%mdl 64] [#] Double Attack} 42. Ke1 (42. Kg2 $17 {keeps fighting.} Ne2 43. Bd1 Rxg3+ 44. Kf2 Nxd4 45. Kxg3) 42... Rxg3 $19 43. Rd5 $2 (43. Rd7) 43... Nxd5 {Accuracy: White = 59%, Black = 70%.} 0-1

[Event "Stay Safe Play From Home 149"]
[Site "T#646041Emanuel Laske"]
[Date "2020.05.14"]
[Round "8"]
[White "Emresenar"]
[Black "Käptn"]
[Result "0-1"]
[WhiteElo "1814"]
[BlackElo "2036"]
[Annotator "TA"]
[PlyCount "96"]
[EventDate "2020.05.14"]
[EventType "swiss (blitz)"]

{[%evp 9,96,-133,-85,-85,-69,-69,-44,-33,0,-26,-31,-31,0,4,-1,-15,-8,-17,-11,-17,0,0,0,0,0,0,0,0,0,0,0,0,0,-14,-4,0,0,0,14,-6,0,0,0,0,0,0,0,-6,0,0,0,0,0,0,25,8,8,8,12,16,10,14,13,0,13,8,32,0,0,0,0,0,0,0,0,0,0,0,0,0,0,-5097,-5097,-29980,-29981,-29982,-29983,-29980,-29981]} 1. e4 Nf6 2. Nf3 Nxe4 3. Bd3 d5 {[#]} 4. Bxe4 $146 ({Predecessor:} 4. O-O c6 {0-1 (4) Boushy,D (783)-Gagne,E (951) Quebec 2008}) 4... dxe4 5. Ng5 Bf5 {...h6 is the strong threat.} 6. Nc3 {B04: Alekhine's Defence: 4 Nf3.} Qd4 {Threatens to win with ...h6.} 7. Qe2 e6 (7... Nc6 {keeps more tension.} 8. Ngxe4 Qb6 9. d3 Nd4 10. Qd1 O-O-O) 8. Ngxe4 {Black is slightly better.} Bxe4 (8... Nc6 {looks sharper.} 9. d3 O-O-O 10. Be3 Qd7 11. O-O-O Bg6) 9. Qxe4 Qxe4+ 10. Nxe4 Nd7 11. d3 Be7 12. Bf4 O-O-O 13. O-O h6 14. Rfe1 Nf6 15. Nxf6 Bxf6 16. Be5 Bxe5 17. Rxe5 $11 {[%mdl 4096] Endgame KRR-KRR} Rd4 18. Rae1 Rhd8 19. f3 b6 20. R1e4 c5 21. Rxd4 Rxd4 {KR-KR} 22. Re4 Rd5 23. Kf2 g6 24. Ke3 h5 25. Kf4 Kc7 26. Re5 {Hoping for Rxd5.} Rd4+ 27. Re4 Rd5 $1 28. h4 Kc6 29. g4 Kd6 30. g5 Rf5+ 31. Ke3 Kd5 32. c3 Kd6 33. b3 a5 34. d4 cxd4+ 35. Rxd4+ Ke7 $1 36. Re4 Rb5 37. f4 Rc5 38. Rc4 (38. c4 {seems wilder.} f6 39. gxf6+ Kxf6 40. a3 Rc6 41. Rd4) 38... Rxc4 39. bxc4 {KP-KP} Kd6 40. Kd4 Kc6 41. a4 Kd6 42. Ke4 Kc5 43. Ke5 Kxc4 44. Kf6 b5 45. Kxf7 $2 {[%mdl 8192] [#]} (45. axb5 $11 Kxb5 46. Kxf7) 45... bxa4 $19 46. Kxg6 a3 {Black mates.} 47. Kxh5 a2 48. g6 a1=Q {Accuracy: White = 89%, Black = 90%.} 0-1

[Event "Stay Safe Play From Home 149"]
[Site "T#646041Emanuel Laske"]
[Date "2020.05.14"]
[Round "8"]
[White "Lucknow"]
[Black "SecantFX"]
[Result "0-1"]
[WhiteElo "1772"]
[BlackElo "1880"]
[Annotator "NA RC"]
[PlyCount "44"]
[EventDate "2020.05.14"]
[EventType "swiss (blitz)"]

1. d4 {[%emt 0:00:02]} b6 {[%emt 0:00:00]} 2. c4 {[%emt 0:00:01]} Bb7 {[%emt 0:00:00]} 3. Nf3 {[%emt 0:00:01]} g6 {[%emt 0:00:00]} 4. g3 {[%emt 0:00:00]} Bg7 {[%emt 0:00:01]} 5. Bg2 {[%emt 0:00:00]} c6 {[%emt 0:00:00]} 6. O-O {[%emt 0:00:00]} e6 {[%emt 0:00:00]} 7. Nc3 {[%emt 0:00:01]} Ne7 {[%emt 0:00:00]} 8. Qc2 {[%emt 0:00:00]} O-O {[%emt 0:00:01]} 9. e4 {[%emt 0:00:01]} d5 {[%emt 0:00:00]} 10. cxd5 {[%emt 0:00:02]} cxd5 {[%emt 0:00:00]} 11. e5 {[%emt 0:00:00]} Nbc6 {[%emt 0:00:01]} 12. Re1 {[%emt 0:00:01]} Na5 {[%emt 0:00:01]} 13. b3 {[%emt 0:00:01]} Rc8 {[%emt 0:00:00]} 14. Qd2 {[%emt 0:00:02]} Nf5 {[%emt 0:00:02]} 15. Bb2 {[%emt 0:00:02]} Re8 {[%emt 0:00:01]} 16. Rac1 {[%emt 0:00:01]} Ba6 {[%emt 0:00:01]} 17. a4 {[%emt 0:00:02]} Bf8 {[%emt 0:00:02]} 18. Nb5 {[%emt 0:00:01]} Bxb5 {[%emt 0:00:01]} 19. axb5 {[%emt 0:00:00]} Rxc1 {[%emt 0:00:01]} 20. Rxc1 {[%emt 0:00:01]} Qe7 {[%emt 0:00:01]} 21. g4 {[%emt 0:00:03]} Nh6 {[%emt 0:00:03]} 22. h3 {[%emt 0:00:01]} Nxb3 {[%emt 0:00:01] Lucknow gibt auf (Lag: Av=0.35s, max=0.6s)} 0-1

[Event "Stay Safe Play From Home 149"]
[Site "T#646041Emanuel Laske"]
[Date "2020.05.14"]
[Round "8"]
[White "Nagaram"]
[Black "Gibiz144"]
[Result "1-0"]
[WhiteElo "1707"]
[BlackElo "1599"]
[Annotator "NA RC"]
[PlyCount "89"]
[EventDate "2020.05.14"]
[EventType "swiss (blitz)"]

1. e4 {[%emt 0:00:02]} e6 {[%emt 0:00:00]} 2. Nf3 {[%emt 0:00:01]} b6 {[%emt 0:00:00]} 3. d4 {[%emt 0:00:01]} Bb7 {[%emt 0:00:00]} 4. Nc3 {[%emt 0:00:00]} Ne7 {[%emt 0:00:01]} 5. Bc4 {[%emt 0:00:01]} d6 {[%emt 0:00:01]} 6. O-O {[%emt 0:00:01]} g6 {[%emt 0:00:01]} 7. Bf4 {[%emt 0:00:01]} Bg7 {[%emt 0:00:00]} 8. e5 {[%emt 0:00:01]} d5 {[%emt 0:00:01]} 9. Bb5+ {[%emt 0:00:01]} Nd7 {[%emt 0:00:01]} 10. Bxd7+ {[%emt 0:00:01]} Qxd7 {[%emt 0:00:02]} 11. Re1 {[%emt 0:00:00]} a6 {[%emt 0:00:01]} 12. Qd2 {[%emt 0:00:01]} c5 {[%emt 0:00:01]} 13. dxc5 {[%emt 0:00:01]} bxc5 {[%emt 0:00:01]} 14. Ne2 {[%emt 0:00:01]} h6 {[%emt 0:00:01]} 15. Rad1 {[%emt 0:00:01]} d4 {[%emt 0:00:03]} 16. c3 {[%emt 0:00:01]} Rd8 {[%emt 0:00:03]} 17. cxd4 {[%emt 0:00:01]} cxd4 {[%emt 0:00:01]} 18. Nexd4 {[%emt 0:00:01]} Nd5 {[%emt 0:00:03]} 19. Be3 {[%emt 0:00:02]} Nxe3 {[%emt 0:00:01]} 20. Rxe3 {[%emt 0:00:00]} Qd5 {[%emt 0:00:03]} 21. Re2 {[%emt 0:00:01]} O-O {[%emt 0:00:04]} 22. Nb3 {[%emt 0:00:01]} Qxd2 {[%emt 0:00:05]} 23. Rdxd2 {[%emt 0:00:00]} Bd5 {[%emt 0:00:01]} 24. Re1 {[%emt 0:00:02]} Bxf3 {[%emt 0:00:01]} 25. Rxd8 {[%emt 0:00:00]} Rxd8 {[%emt 0:00:01]} 26. gxf3 {[%emt 0:00:00]} Bf8 {[%emt 0:00:01]} 27. Nc1 {[%emt 0:00:02]} Rd5 {[%emt 0:00:01]} 28. Nb3 {[%emt 0:00:00]} Bb4 {[%emt 0:00:02]} 29. Re2 {[%emt 0:00:02]} a5 {[%emt 0:00:02]} 30. a3 {[%emt 0:00:02]} Be7 {[%emt 0:00:01]} 31. Kg2 {[%emt 0:00:01]} a4 {[%emt 0:00:01]} 32. Nc1 {[%emt 0:00:01]} Bg5 {[%emt 0:00:01]} 33. Rc2 {[%emt 0:00:04]} Bf4 {[%emt 0:00:01]} 34. h3 {[%emt 0:00:02]} Bxe5 {[%emt 0:00:02]} 35. Na2 {[%emt 0:00:01]} Ra5 {[%emt 0:00:02]} 36. Nb4 {[%emt 0:00:01]} Rb5 {[%emt 0:00:01]} 37. b3 {[%emt 0:00:02]} Kg7 {[%emt 0:00:01]} 38. bxa4 {[%emt 0:00:01]} Ra5 {[%emt 0:00:02]} 39. Nc6 {[%emt 0:00:01]} Rxa4 {[%emt 0:00:01]} 40. Nxe5 {[%emt 0:00:01]} Kf6 {[%emt 0:00:00]} 41. Nd3 {[%emt 0:00:01]} Rxa3 {[%emt 0:00:01]} 42. Rd2 {[%emt 0:00:01]} e5 {[%emt 0:00:01]} 43. Nxe5 {[%emt 0:00:01]} Kxe5 {[%emt 0:00:01]} 44. f4+ {[%emt 0:00:00]} Kf5 {[%emt 0:00:01]} 45. Rd4 {[%emt 0:00:00] Zeit (Lag: Av=0.53s, max=1.2s)} 1-0

[Event "Stay Safe Play From Home 149"]
[Site "T#646041Emanuel Laske"]
[Date "2020.05.14"]
[Round "9"]
[White "Lamborghini"]
[Black "SoulofWolf"]
[Result "1-0"]
[WhiteElo "2369"]
[BlackElo "2112"]
[Annotator "RC"]
[PlyCount "61"]
[EventDate "2020.05.14"]
[EventType "swiss (blitz)"]

1. e4 {[%emt 0:00:01]} d5 {[%emt 0:00:00]} 2. exd5 {[%emt 0:00:01]} Nf6 {[%emt 0:00:00]} 3. Nf3 {[%emt 0:00:01]} Nxd5 {[%emt 0:00:01]} 4. d4 {[%emt 0:00:01]} Nf6 {[%emt 0:00:00]} 5. h3 {[%emt 0:00:01]} Bf5 {[%emt 0:00:01]} 6. Bc4 {[%emt 0:00:01]} e6 {[%emt 0:00:01]} 7. Qe2 {[%emt 0:00:02]} h6 {[%emt 0:00:01]} 8. Nc3 {[%emt 0:00:01]} Nc6 {[%emt 0:00:01]} 9. Be3 {[%emt 0:00:01]} Bb4 {[%emt 0:00:01]} 10. O-O {[%emt 0:00:01]} O-O {[%emt 0:00:01]} 11. Rad1 {[%emt 0:00:01]} Qe7 {[%emt 0:00:02]} 12. g4 {[%emt 0:00:07]} Bh7 {[%emt 0:00:01]} 13. g5 {[%emt 0:00:01]} hxg5 {[%emt 0:00:03]} 14. Bxg5 {[%emt 0:00:00]} Bxc3 {[%emt 0:00:10]} 15. bxc3 {[%emt 0:00:01]} Qa3 {[%emt 0:00:02]} 16. Bb3 {[%emt 0:00:01]} Ne8 {[%emt 0:00:03]} 17. Ne5 {[%emt 0:00:02]} Qd6 {[%emt 0:00:02]} 18. Bf4 {[%emt 0:00:01]} Nxe5 {[%emt 0:00:02]} 19. Bxe5 {[%emt 0:00:01]} Qe7 {[%emt 0:00:01]} 20. Qf3 {[%emt 0:00:01]} Qg5+ {[%emt 0:00:01]} 21. Qg3 {[%emt 0:00:01]} Qxg3+ {[%emt 0:00:01]} 22. fxg3 {[%emt 0:00:00]} Bg6 {[%emt 0:00:00]} 23. g4 {[%emt 0:00:01]} Nd6 {[%emt 0:00:01]} 24. h4 {[%emt 0:00:01]} Bh7 {[%emt 0:00:07]} 25. Rde1 {[%emt 0:00:01]} Ne4 {[%emt 0:00:01]} 26. Re3 {[%emt 0:00:03]} Nd6 {[%emt 0:00:02]} 27. h5 {[%emt 0:00:01]} Rae8 {[%emt 0:00:01]} 28. Rfe1 {[%emt 0:00:01]} f6 {[%emt 0:00:00]} 29. Bxd6 {[%emt 0:00:01]} cxd6 {[%emt 0:00:01]} 30. Rxe6 {[%emt 0:00:01]} Kh8 {[%emt 0:00:00]} 31. Rxe8 {[%emt 0:00:01] SoulofWolf poddaje siê (Lag: Av=0.25s, max=0.8s)} 1-0

[Event "Stay Safe Play From Home 149"]
[Site "T#646041Emanuel Laske"]
[Date "2020.05.14"]
[Round "9"]
[White "Shatarchin7"]
[Black "Emresenar"]
[Result "1-0"]
[WhiteElo "2277"]
[BlackElo "1807"]
[Annotator "TA"]
[PlyCount "93"]
[EventDate "2020.05.14"]
[EventType "swiss (blitz)"]

{[%evp 9,92,37,56,51,52,43,121,20,21,-27,-17,-38,-20,-83,-77,-88,-87,-162,-128,-131,-87,-159,-170,-165,-179,-285,-263,-341,-314,-543,-544,-537,-537,-544,-537,-612,-607,-800,-587,-682,-631,-615,-324,-619,-452,-451,-394,-394,-420,-379,-369,-390,-358,-355,-76,-83,835,820,987,889,29982,29982,29987,29986,29986,29987,29988,29989,29990,29991,29991,29992,29993,29993,29994,29995,29995,29996,29997,29997,29997,29998,29998,29999,29999]} 1. Nf3 d5 2. g3 Bg4 3. Bg2 Bxf3 4. Bxf3 c6 5. d4 Nf6 6. O-O {A07: Réti Opening: New York and Capablanca Systems.} Nbd7 {[%cal Bb8d7,Bd7e5,Be5c4][%mdl 32]} 7. c4 e5 {[#]} (7... e6 $14) 8. dxe5 $146 (8. cxd5 $16 Nxd5 9. Bxd5 cxd5 10. Nc3) ({Predecessor:} 8. cxd5 Nxd5 9. Bxd5 cxd5 10. Nc3 exd4 11. Qxd4 Nf6 12. Rd1 Be7 13. e4 dxe4 14. Qa4+ Nd7 15. Nxe4 a6 16. Bf4 b5 17. Qd4 Nf6 18. Nxf6+ {1-0 (18) Simic,R (2432)-Krejic,I (2198) Vrsac 2000}) 8... Nxe5 $11 9. Bg2 Nxc4 10. Nc3 Bb4 {[#]} 11. e4 (11. Nxd5 $1 $11 {[%mdl 512] remains equal.} Nxd5 (11... cxd5 12. Qa4+) 12. Qd4) 11... Bxc3 $1 $17 12. bxc3 Nxe4 13. Qe2 (13. Bxe4 $17 {might work better.} dxe4 14. Qg4 {[%mdl 64] Double Attack}) 13... Qe7 14. Re1 {[%cal Rg2e4]} O-O-O 15. Bxe4 (15. Qg4+ $142 Qe6 16. Qxe6+ fxe6 17. Bxe4 dxe4 18. Rxe4 Rd1+ 19. Kg2) 15... Qxe4 16. Qxe4 dxe4 17. Bf4 (17. Rxe4 {was necessary.} Rd1+ 18. Kg2) 17... f5 18. Rab1 Nd2 19. Rb4 $2 (19. Bxd2 {only move.} Rxd2 20. a4) 19... Nf3+ $19 20. Kf1 Nxe1 21. Kxe1 {[%mdl 4096] Endgame KRR-KRB} Rd3 22. Be5 Rhd8 {[#] And now ...Rd1+ would win.} 23. Bd4 g6 24. a4 a6 25. a5 Kc7 26. h4 $2 (26. Bb6+ Kc8 27. Bxd8 Rxd8 28. Ke2) 26... c5 27. Bxc5 {If only White now had time for Bb6+....} Rd1+ 28. Ke2 R8d2+ 29. Ke3 Rd3+ 30. Kf4 Rf3+ 31. Kg5 h6+ $2 (31... Rxc3 $19 {is more deadly.} 32. Bd4 Rc2) 32. Kxh6 $17 Rxf2 $2 {[%mdl 8192]} (32... f4 $17 33. gxf4 Rxf4 34. Bb6+ Kc6) 33. Bxf2 {KRB-KR} Rd7 34. Be3 Rd6 35. Bf4 {White mates.} g5+ 36. Bxd6+ Kxd6 {KR-KP} 37. h5 Kc5 38. Kxg5 f4 39. Kxf4 e3 40. Kxe3 {KR-KPP} b5 41. h6 Kc6 42. h7 Kb7 43. h8=Q Ka7 44. Qh6 Kb7 45. Rg4 Ka7 46. Rg7+ Kb8 47. Qh8# {What a bad dream for Black. Accuracy: White = 36%, Black = 39%.} 1-0